| 000 | 00611nam a22001937a 4500 | ||
|---|---|---|---|
| 999 |
_c11510 _d11510 |
||
| 008 | 181206b ||||| |||| 00| 0 eng | ||
| 020 | _a978-1-337-40241-5 | ||
| 082 |
_22019 _aDRef 621.319 _bF632 |
||
| 100 |
_aFletcher, Greg. _932992 |
||
| 245 |
_aHouse wiring/ _cGreg Fletcher |
||
| 250 | _aFifth Editon | ||
| 260 |
_aAustralia: _bCengage, _c©2019 |
||
| 300 |
_axxxix, 737 pages. _bcolor illustrations; _c28 cm. |
||
| 440 |
_aResidential Construction Academy _932993 |
||
| 500 | _aIncludes glossary and indixes. | ||
| 650 |
_aElectronic wiring, Interior _933671 |
||
| 365 |
_b9,520 _cphp |
||
| 942 |
_2ddc _cDREF |
||